The dorling kindersley illustrated family encyclopedia (Record no. 179134)

MARC details
000 -LEADER
fixed length control field 00536nam a22001817a 4500
005 - DATE AND TIME OF LATEST TRANSACTION
control field 20210524152044.0
010 ## - LCCN (DPL NO)
LC control number B-739928
020 ## - INTERNATIONAL STANDARD BOOK NUMBER
International Standard Book Number 9780143063025
035 ## - SYSTEM CONTROL NUMBER
System control number B-739928
037 ## - SOURCE OF ACQUISITION
Source of stock number/acquisition Gift
082 ## - DEWEY DECIMAL CLASSIFICATION NUMBER
Classification number 613.03
245 ## - TITLE STATEMENT
Title The dorling kindersley illustrated family encyclopedia
260 ## - PUBLICATION, DISTRIBUTION, ETC. (IMPRINT)
Place of publication, distribution, etc New Delhi
Name of publisher, distributor, etc Dorling Kindersley
Date of publication, distribution, etc 2007
300 ## - PHYSICAL DESCRIPTION
Extent 1013p.:
Dimensions 28cm(Hb)
Other physical details ill.
500 ## - GENERAL NOTE
General note include index
942 ## - ADDED ENTRY ELEMENTS (KOHA)
Source of classification or shelving scheme Dewey Decimal Classification
Item type Reference Books
Classification part 613.03
Call number suffix JOH
Holdings
Withdrawn status Lost status Not for loan Collection code Home library Current library Date acquired Source of acquisition Full call number Barcode Copy number Koha item type Public note
    Not For Loan Reference Ashok Vihar Ashok Vihar 24/05/2021 Gift/Eng/03-05-2021 613.03 JOH B-739928 1 Reference Books Gift

© Delhi Public Library
Hit Counter
free hit counter